Zadĺženosť a rozvojová pomoc v EÚ v čase krízy

Problematika zadĺženia krajín EÚ. Narastajúca skupina krajín s dlhovou krízou. Hranica zadĺženia a miera jej prekročenia. Rozvojová pomoc OECD a objemy prostriedkov poskytnutej pomoci. Politické a lobbingové snahy zachovania solidarity. Úroveň rozvojovej pomoci v roku 2010.

Enregistré dans:
Détails bibliographiques
Auteur principal: Puškárová, Paula, 1985-
Format: Chapitre de livre
Langue:slovaque
Sujets:
Tags: Ajouter un tag
Pas de tags, Soyez le premier à ajouter un tag!

MARC

LEADER 00000naa$a2200000$$$4500
001 0116130
005 20240502072308.8
041 0 |a slo 
044 |a SK 
245 1 0 |a Zadĺženosť a rozvojová pomoc v EÚ v čase krízy  |c Paula Puškárová 
520 |a Problematika zadĺženia krajín EÚ. Narastajúca skupina krajín s dlhovou krízou. Hranica zadĺženia a miera jej prekročenia. Rozvojová pomoc OECD a objemy prostriedkov poskytnutej pomoci. Politické a lobbingové snahy zachovania solidarity. Úroveň rozvojovej pomoci v roku 2010. 
610 2 0 |a Európska únia 
610 2 0 |a krajiny vyspelé 
610 2 0 |a krajiny tranzitívne 
610 2 0 |a zadlženosť vnútorná 
610 2 0 |a pomoc rozvojová 
610 2 0 |a pomoc finančná 
610 2 0 |a programy rozvojové 
610 2 0 |a spolupráca medzinárodná 
610 2 0 |a solidarita 
100 1 |a Puškárová, Paula, 1985-